En torno a la historia de la organización eclesiástica (Registro nro. 69684)
[ vista simple ]
| 000 -LÍDER | |
|---|---|
| Campo fijo de descripción fija | 01412nab a2200217 i 4500 |
| 001 - NÚMERO DE CONTROL | |
| Campo de control | 768714001 |
| 003 - IDENTIFICADOR DEL NÚMERO DE CONTROL | |
| Campo de control | CO-MdFUSB |
| 005 - FECHA Y HORA DE LA ULTIMA TRANSACCIÓN | |
| control field | 20240514104504.0 |
| 008 - ELEMENTOS DE LONGITUD FIJA -- INFORMACIÓN GENERAL | |
| Campo fijo de descripción fija -- Información general | 240511t1970 sp ||||| |||| 00| 0 spa d |
| 040 ## - FUENTE DE CATALOGACIÓN | |
| Idioma de catalogación | spa |
| Agencia que realiza la transcripción | CO-MdFUSB |
| Agencia que realiza la modificación | CO-MdFUSB |
| 041 ## - CÓDIGO DE IDIOMA | |
| Código de idioma para texto/pista de sonido o título separado | spa |
| 100 ## - ASIENTO PRINCIPAL--NOMBRE PERSONAL | |
| Nombre personal | Fink, Karl, |
| Término relacionador | autor |
| 245 ## - TÍTULO | |
| Título | En torno a la historia de la organización eclesiástica |
| Mención de responsabilidad | / Karl Fink |
| 520 ## - NOTA DE RESUMEN, ETC. | |
| Nota de sumario, etc. | Está ampliamente aceptado que la historia, no la religión misma, tiene la última palabra en cuestiones de fe. Ahora se debe considerar la evolución de la eclesiología. Hablar de organización en la génesis del cristianismo es una cuestión que el historiador puede dejar a la teología sistemática y a los numerosos intentos explicativos que aparecieron en relación con el Vaticano II. En muchos sentidos, la estructura de las comunidades cristianas está en línea con las estructuras religiosas actuales, y algunas denominaciones (por ejemplo, la del obispo o su predecesor, el presbiterio) aún no tenían el estatus especial que tienen actualmente. |
| 650 #7 - ASIENTO SECUNDARIO DE MATERIA - TERMINO TEMÁTICO | |
| Término temático o nombre geográfico como elemento de entrada | Iglesia |
| 9 (RLIN) | 655 |
| 650 #0 - ASIENTO SECUNDARIO DE MATERIA - TERMINO TEMÁTICO | |
| Término temático o nombre geográfico como elemento de entrada | Historia de la Iglesia |
| 9 (RLIN) | 153 |
| 653 ## - TÉRMINO DE INDIZACIÓN - NO CONTROLADO | |
| Término no controlado | Derecho canónico |
| 773 0# - ASIENTO DE ITEM FUENTE | |
| Biblionumber | 49450 |
| Itemnumber | 82620 |
| Otro identificador del ítem | R2547 |
| Título | Revista internacional de teología Concilium |
| Número de control del registro | (CO-MdFUSB)8 |
| Número Internacional Normalizado para Publicaciones Seriadas (ISSN) | 0210-1041 |
| Parte(s) relacionada(s) / Volumen., número. (mes año), páginas | Número 58, (septiembre - octubre, 1970), páginas: 153 -165 |
| Enumeración y primera página | página: 153 |
| 942 ## - TIPO DE MATERIAL (KOHA) | |
| Tipo de Item KOHA | Artículos de Revista |
| 945 ## - INFORMACIÓN LOCAL DEL REGISTRO | |
| Catalogador | Catherine Arias Alvarez - Practicante SENA |
No hay ítems disponibles.
